| 000 | 00393nam a22001217a 4500 | ||
|---|---|---|---|
| 082 | _a200 THE | ||
| 100 |
_aQasim Ali Khan _915501 |
||
| 245 | _aTH-SOF-1445-Detection and Classification of Pilots Cognitive State using EEG | ||
| 260 |
_aIslamabad _bNUST College of EME _c2017 |
||
| 650 |
_aMS-COMPUTER ENGINEERING-77 MSTHESIS _969779 |
||
| 700 |
_a Supervisor Dr. Ali Hassan _969910 |
||
| 942 | _cCF | ||
| 999 |
_c577311 _d577311 |
||